• 首页
  • 本馆介绍
  • 公告通知
  • 最新文献
  • 馆藏检索
  • 电子资源
  • 读者导购
  • 参考咨询
  • 我的图书馆
  • 登录
  • 详细信息显示
  • 放入我的书架
  • 预约/预借图书
  • 作者相关作品
  • 分类相关作品
  • 丛书相关作品
  • 出版社相关作品

书目信息

  • 表格格式
  • 工作单格式
  • 卡片格式
题名:
茅盾文集
    
 
作者: 茅盾, 著 ;钟桂松 编
分册: 第2卷   虹·路·三人行
出版信息: 北京   中华工商联合出版社  2015
页数: 311页
开本: 24cm
丛书名:
单 册:
中图分类: I217.42 , I246.57
科图分类:
主题词: 中国文学--zhong guo wen xue--现代文学--作品集 , 长篇小说--chang pian xiao shuo--中国--现代 , 中篇小说--zhong pian xiao shuo--小说集--中国--现代
电子资源:
ISBN: 978-7-5158-1483-4
000 01021nam0 22002891 450
001 1730259341
005 20170527090124.00
010    @a978-7-5158-1483-4@dCNY42.00
100    @a20160310d2015 em y0chiy50 ea
101 0  @achi
102    @aCN@b110000
105    @ay z 000ay
106    @ar
200 1  @a茅盾文集@Amao dun wen ji@h第2卷@i虹·路·三人行@f茅盾著@g钟桂松编
210    @a北京@c中华工商联合出版社@d2015
215    @a311页@d24cm
330    @a本书为《茅盾文集》第二卷, 收入长篇小说《虹》和中篇小说《路》《三人行》 ; 作者的有关序跋附于有关作品之后。
517 1  @a虹·路·三人行@Ahong lu san ren hang
606 0  @a中国文学@Azhong guo wen xue@x现代文学@x作品集
606 0  @a长篇小说@Achang pian xiao shuo@y中国@z现代
606 0  @a中篇小说@Azhong pian xiao shuo@x小说集@y中国@z现代
690    @aI217.42@v5
690    @aI246.57@v5
701  0 @a茅盾,@Amao dun ,@f1896-1981@4著
702  0 @a钟桂松@Azhong gui song@4编
801  0 @aCN@bTANG WEI@c20170522
905    @b0968018-22@dI217.42@e781:2@f5
    
    茅盾文集.第2卷.虹·路·三人行/茅盾著/钟桂松编.-北京:中华工商联合出版社,2015
    311页;24cm
    
    
    ISBN 978-7-5158-1483-4:CNY42.00
    本书为《茅盾文集》第二卷, 收入长篇小说《虹》和中篇小说《路》《三人行》 ; 作者的有关序跋附于有关作品之后。
●
相关链接 在E读中查询图书 在五车中查询图书 在当当中查询图书 在豆瓣中查询图书


正题名:茅盾文集     索取号:I217.42/781:2         预约/预借

序号 登录号 条形码 馆藏地/架位号 状态 备注
1 0968018   209680184   第一样本阅览室/ [索取号:I217.42/781:2] 在馆    
2 0968019   209680193   第二借阅区/ [索取号:I217.42/781:2] 在馆    
3 0968020   209680200   第二借阅区/ [索取号:I217.42/781:2] 在馆    
4 0968021   209680219   第二借阅区/ [索取号:I217.42/781:2] 在馆    
5 0968022   209680228   第二借阅区/ [索取号:I217.42/781:2] 在馆    
唐山师范学院图书馆 欢迎您!
大连网信软件有限公司© 版权所有